000 00601nam a2200229Ia 4500
003 OSt
005 20221007074123.0
006 a|||||r|||| 00| 0
007 ta
008 221006b |||||||| |||| 00| 0 eng d
024 _a19,259
037 _cTextual
040 _aFLL
_cFLL
_beng
041 _2eng
_aeng
082 _aZ:91, H52
100 _aEbenstein William
245 0 _aPure theory of law
260 _aMadison
_bThe University of Wisconsin Press Madison
_c1945
300 _a211p
_ccm.
942 _hZ:91, H52
_cTEXL
_2CC
999 _c1151223
_d1151223